Ecological indicators (Registro nro. 16872)

Detalles MARC
000 -CABECERA
Campo de control 00905cas a2200253 a 4500
005 - FECHA Y HORA DE LA ULTIMA TRANSACCION
Campo de control 20171108160024.0
008 - ELEMENTOS DE LONGITUD FIJA—INFORMACION GENERAL
Campo de control 020703c20019999nyuqx 0 0eng c
022 ## - ISSN
ISSN 1470-160X
040 ## - FUENTE DE CATALOGACIÓN
Agencia catalogadora original MDF
Agencia transcriptora MDF
Agencia Modificadora GUA
-- CUS
-- DLC
-- CAS
-- DLC
-- NLM
-- RBN
-- IUL
-- OCLCQ
-- OCLCO
-- OCLCF
-- OCLCO
-- EUW
-- OCLCO
-- DEFHM
-- OCLCO
-- CO-BoIAVH
041 0# - IDIOMA
Código de idioma para texto/pista de sonido o título separado Inglés
044 ## - PAÍS DE PUBLICACIÓN
País de publicación Estados Unidos
090 ## - CLASIFICACIÓN LOCAL
Colección SE
245 00 - MENCION DE TITULO
Título Ecological indicators
260 ## - PUBLICACION, DISTRIBUCION, ETC. (PIE DE IMPRENTA)
Lugar de publicación, distribución, etc. New York (EE.UU.) :
Nombre del editor, distribuidor, etc. Elsevier Science,
Fecha de publicación, distribución, etc. 2001-
300 ## - DESCRIPCION FISICA
Otros detalles físicos ilustraciones ;
Dimensiones 26 cm.
310 ## - FRECUENCIA ACTUAL DE LA PUBLICACIÓN
Frecuencia actual de la publicación Desconocido
321 ## - FRECUENCIA ANTERIOR DELA PUBLICACIÓN
Frecuencia anterior de la publicación Trimestral
510 0# - CITATION/REFERENCES NOTE
Name of source Chemical abstracts
International Standard Serial Number 0009-2258
650 26 - ASIENTO SECUNDARIO DE MATERIA - TERMINO TEMATICO
Término temático o nombre geográfico como elemento de entrada Indicadores ecológicos
Subdivisión de forma Publicaciones periódicas
9 (RLIN) 86833
650 26 - ASIENTO SECUNDARIO DE MATERIA - TERMINO TEMATICO
Término temático o nombre geográfico como elemento de entrada Gestión ambiental
Subdivisión de forma Publicaciones periódicas
9 (RLIN) 86834
650 26 - ASIENTO SECUNDARIO DE MATERIA - TERMINO TEMATICO
Término temático o nombre geográfico como elemento de entrada Indicadores biológicos
Subdivisión de forma Publicaciones periódicas
9 (RLIN) 86835
776 1# - ADDITIONAL PHYSICAL FORM ENTRY
Title Ecological indicators (Online)
Record control number (DLC) 2003256100
-- (OCoLC)48134728
942 ## - ELEMENTOS ADICIONALES (KOHA)
Sistema de clasificación Local
Tipo de ítem Periodica o revista
Serial record 1
Existencias
Withdrawn status Lost status Sistema de Clasificación Damaged status No para préstamo Colección Fecha publicación (Año) Volumen revista Número revista Inventariado Ubicación Permanente Ubicación actual Fecha de adquisición Datos de publicación Seriada Total Checkouts Número topográfico Inventario / Código de Barras Date last seen Ejemplar Price effective from Forma de adquisición Tipo de material
    Local     Hemeroteca 2002 2 3 Inventariado 2017 Bogotá Bogotá 08/11/2017 Vol 2, No 3   SE 014080 08/11/2017 Ej. 1 08/11/2017 Donación Periodica o revista
    Local     Hemeroteca 2003 3 1 Inventariado 2017 Bogotá Bogotá 08/11/2017 Vol 3, No 1   SE 014602 08/11/2017 Ej. 1 08/11/2017 Donación Periodica o revista
    Local     Hemeroteca 2002 2 1-2 Inventariado 2017 Bogotá Bogotá 08/11/2017 Vol 2, Nros 1-2   SE 014081 08/11/2017 Ej. 1 08/11/2017 Donación Periodica o revista
    Local     Hemeroteca 2003 3 3 Inventariado 2017 Bogotá Bogotá 08/11/2017 Vol 3, No 3   SE 016554 08/11/2017 Ej. 1 08/11/2017 Donación Periodica o revista
    Local     Hemeroteca 2004 4 1 Inventariado 2017 Bogotá Bogotá 08/11/2017 Vol 4, No 1   SE 016557 08/11/2017 Ej. 1 08/11/2017 Donación Periodica o revista
    Local     Hemeroteca 2003 3 2 Inventariado 2017 Bogotá Bogotá 08/11/2017 Vol 3, No 2   SE 016555 08/11/2017 Ej. 1 08/11/2017 Donación Periodica o revista
    Local     Hemeroteca 2004 3 4 Inventariado 2017 Bogotá Bogotá 08/11/2017 Vol 3, No 4   SE 016556 08/11/2017 Ej. 1 08/11/2017 Donación Periodica o revista